О химическом составе некоторых растительных тканей; Сборник трудов Всесоюзного научно-исследовательского института гидролизной и сульфитно-спиртовой промышленности (ВНИИГС); Том 14

গ্রন্থ-পঞ্জীর বিবরন
Parent link:Сборник трудов Всесоюзного научно-исследовательского института гидролизной и сульфитно-спиртовой промышленности (ВНИИГС)/ Всесоюзный научно-исследовательский институт гидролизной и сульфитно-спиртовой промышленности (ВНИИГС).— , 1965-1967
Том 14.— 1965.— С. 7-12
অন্যান্য লেখক: Шарков В. И., Куйбина Н. И., Соловьева Ю. П., Гвоздева Э. Н.
ভাষা:রুশ
প্রকাশিত: 1965
মালা:Гидролизно-дрожжевое производство
বিন্যাস: গ্রন্থের অধ্যায়
KOHA link:https://koha.lib.tpu.ru/cgi-bin/koha/opac-detail.pl?biblionumber=195477

MARC

LEADER 00000naa2a2200000 4500
001 195477
005 20231031182842.0
035 |a (RuTPU)RU\TPU\book\213271 
090 |a 195477 
100 |a 20110511d1965 k y0rusy50 ca 
101 0 |a rus 
102 |a RU 
200 1 |a О химическом составе некоторых растительных тканей  |f В. И. Шарков [и др.] 
225 1 |a Гидролизно-дрожжевое производство 
320 |a Библиогр.: с. 12 (4 назв.) 
461 0 |0 (RuTPU)RU\TPU\book\213269  |t Сборник трудов Всесоюзного научно-исследовательского института гидролизной и сульфитно-спиртовой промышленности (ВНИИГС)  |f Всесоюзный научно-исследовательский институт гидролизной и сульфитно-спиртовой промышленности (ВНИИГС)  |d 1965-1967 
463 0 |0 (RuTPU)RU\TPU\book\213270  |t Том 14  |f под ред. Ю. А. Цирлина  |v С. 7-12  |d 1965  |p 284 с. 
701 1 |a Шарков  |b В. И. 
701 1 |a Куйбина  |b Н. И. 
701 1 |a Соловьева  |b Ю. П. 
701 1 |a Гвоздева  |b Э. Н. 
801 1 |a RU  |b 63413507  |c 20110511 
801 2 |a RU  |b 63413507  |c 20111007  |g RCR 
942 |c BK